Allgemeinwissen-Quiz #65 - Statistiken

Allgemein
  • Dieses Quiz wurde 48 mal gespielt
  • Das Durchschnittsergebnis liegt bei 12 aus 20
Antwortstatistiken
Frage Antwort % Korrekt
Wie lautet der Vorname von Frau Weidel aus der AfD? Alice
95%
Mit welchem Gerät werden Erdbebenstärken gemessen? Seismograph
93%
Welches Bild zeigt Barack Obama und Betty White?
88%
Wer gilt, der Legende nach, als Gründer der Stadt Rom? Romulus
88%
Welche Zahl ist die grösste fünfstellige Zahl, wenn jede Ziffer ungerade ist und nur einmal vorkommen darf? 97531
86%
Welches Messer wird an den Lauf eines Gewehres gesteckt? Bajonett
79%
Auf welchem Bild ist der Pixar-Charakter "Carl Fredricksen" zu sehen?“
77%
Charles Lindbergh war ein US-amerikanischer? Pilot
77%
Was ist die Quersumme der Zahl 12'222'221? 14
72%
Welcher deutsche Musiker sang den Song „Alles neu“? Peter Fox
72%
Welches Pokémon tritt häufig mit Team Rocket auf?
60%
Welches Land grenzt nicht an Kambodscha? Myanmar
51%
Im Online-Modus des Videospiels GTA 5 kann man sich welche dieser Immobilien nicht kaufen? Bank
49%
Welches Buch wurde 1979 mit Mario Adorf, Angela Winkler und David Bennent verfilmt? Die Blechtrommel
44%
Wie heissen die Over‑Ear‑Kopfhörer von Apple, die erstmals am 15. Dezember 2020 veröffentlicht wurden? AirPods Max
42%
Bevor Florian Lipowitz sich dem Radsport zuwandte, war er in welcher Sportart aktiv? Biathlon
40%
In welchem Jahr wurden Büroklammern erstmals industriell hergestellt? 1890
33%
Welches US‑Autobahnschild zeigt den Bundesstaat Utah?
21%
Welche dieser Murmeltierarten gibt es nicht? Kurzhaarmurmeltier
21%
Wer ist der Autor der Buchreihe Red Rising? Pierce Brown
19%
Keine übereinstimmenden Quizze gefunden
Verteilung der Resultate
Anzahl Personen mit jedem Resultat
Perzentil nach korrekt beantworteten Fragen
Ihre Resultats-Entwicklung
Sie haben dieses Quiz noch nicht gespielt